000 00846nam a22002537a 4500
999 _c9657
_d9657
003 AR-CdUCM
008 190328b ||||| |||| 00| 0 spa d
040 _aMUNICIPALIDAD PROVINCIAL DEL CUSCO
_cBIBLIOTECA MUNICIPAL DEL CUSCO
041 _hfre
082 _a927.5 /
_bM29 / 1925
100 _aMauclair, Camilo
_926009
245 _aLeonardo de Vinci /
260 _aMadrid :
_bEdiciones Españolas,
_c1925.
300 _a154 páginas ;
_bilustraciones, láminas,
_c18 cm.
500 _aMaestro antiguos y modernos bajo la dirección de Gustavo Geffroy de la academia Goncourt.
505 _aContenido: Leonardo de Vinci.
650 _aBiografía
_922
650 _aParis
_93089
650 _aArtista
_913411
650 _aLeonardo de Vinci
_926010
700 _aAbril, Manuel (traducción)
_926011
942 _2ddc
_cLIBROS
945 _aachl